| 000 | 00392nam a2200169Ia 4500 | ||
|---|---|---|---|
| 008 | 220531s9999 xx 000 0 und d | ||
| 041 | _aeng | ||
| 082 | _bNot Available | ||
| 245 | _aTalks With Swami Vivekanand | ||
| 250 | _a10th | ||
| 260 |
_aCalcutta _bAdvait _c1999 |
||
| 300 | _a500 | ||
| 542 | _d07-11-2001 | ||
| 650 |
_aGenral _937693 |
||
| 906 | _d2001-2002 | ||
| 999 |
_c22894 _d22894 |
||